Senelirejo : romano /

Hlavní autor: Nguyễn, Công Hoan, 1903-1977
Jazyk: Esperanto
Vydáno: Hanojo : Fremdlingva Eldonejo, 1963
Témata:
Fyzický popis: 278 stran ; 19 cm
Knihy
Uloženo v:
LEADER 01125nam a2200325 i 4500
001 001924193
003 CZ BrMZK
005 20250616114149.0
007 ta
008 250203s1963 vm g 000 f epo
020 |q (Brožováno) 
040 |a BOA001  |b cze  |e rda 
041 1 |a epo  |h vie 
072 7 |a 821  |x Literatura v různých jazycích  |2 Konspekt  |9 25 
080 |a 821.612.91-31  |2 MRF 
080 |a (0:82-31)  |2 MRF 
100 1 |a Nguyễn, Công Hoan,  |d 1903-1977  |7 xx0254840  |4 aut 
245 1 0 |a Senelirejo :  |b romano /  |c Nguyen Kong Hoan ; tradukis geesperantistoj de E-Klubo Hanojo 
264 1 |a Hanojo :  |b Fremdlingva Eldonejo,  |c 1963 
300 |a 278 stran ;  |c 19 cm 
336 |a text  |b txt  |2 rdacontent 
337 |a bez média  |b n  |2 rdamedia 
338 |a svazek  |b nc  |2 rdacarrier 
500 |a Přeloženo z vietnamštiny 
655 7 |a vietnamské romány  |7 fd133813  |2 czenas 
655 9 |a Vietnamese fiction  |2 eczenas 
910 |a BOA001  |b ESP1-1540.087 
990 |a BK 
991 |b 202506 
996 7 |b 2610994556  |c ESP1-1540.087  |l Stud. periodik/2.patro  |r DEP / do 15 dnů  |n 0  |p dar  |h H309/1  |w 001994662  |u 000010  |a 240  |e BOA001  |j MZK50  |s A